All NJ Counties Without a Map - Statistics

General Stats
  • This quiz has been taken 158 times
  • The average score is 14 of 21
Answer Stats
County % Correct
Ocean
88%
Essex
85%
Sussex
82%
Bergen
81%
Middlesex
80%
Atlantic
78%
Camden
74%
Hudson
74%
Monmouth
72%
Cape May
71%
Burlington
68%
Mercer
65%
Passaic
65%
Hunterdon
64%
Union
62%
Gloucester
59%
Somerset
59%
Morris
57%
Warren
56%
Cumberland
55%
Salem
49%
No matching quizzes found
Score Distribution
Percent of People with Each Score
Percentile by Number Answered
Your Score History
You have not taken this quiz